North America in the 1900's on a Modern Map-30 Second Sprint - Statistics

General Stats
  • This quiz has been taken 125 times
  • The average score is 19 of 23
Answers on the Map
Answers color-coded by a green-red scale on the quiz's map according to % correct below.
 
Answer Stats
Country % Correct
Canada
99%
Cuba
99%
United States
99%
Mexico
97%
Haiti
85%
Panama
85%
Guatemala
78%
Nicaragua
78%
Antigua and Barbuda
77%
Bahamas
77%
Barbados
77%
Belize
77%
Dominica
77%
Grenada
77%
Honduras
77%
Jamaica
77%
Saint Kitts and Nevis
77%
Saint Lucia
77%
Saint Vincent and the Grenadines
77%
Trinidad and Tobago
77%
Costa Rica
76%
Dominican Republic
75%
El Salvador
71%
No matching quizzes found
Score Distribution
Percent of People with Each Score
Percentile by Number Answered
Your Score History
You have not taken this quiz